|
|
|
|
| LEADER |
01034nam a2200265 a 4500 |
| 001 |
14316 |
| 003 |
BD-DhAAL |
| 008 |
090727s2005 caua e 001 0 eng d |
| 999 |
|
|
|c 2898
|d 2898
|
| 010 |
|
|
|a 97129811
|
| 020 |
|
|
|a 0070598789
|
| 040 |
|
|
|a NcWNC
|c DLC
|d HQD
|d IXA
|d SQU
|d BD-DhAAL
|
| 082 |
0 |
0 |
|a 005.133
|2 23
|
| 100 |
1 |
|
|a Naughton, Patrick.
|9 38881
|
| 245 |
1 |
0 |
|a Java :
|b the complete reference, J2SE /
|c Herbert Schildt.
|
| 260 |
|
|
|a New Delhi :
|b Tata McGraw-Hill company Ltd.,
|c c2005.
|
| 300 |
|
|
|a xxx, 1000 pages :
|b illustrations ;
|c 24 cm.
|
| 504 |
|
|
|a Includes index.
|
| 541 |
1 |
|
|e 14316
|
| 650 |
|
0 |
|a Java (Computer program language)
|9 38882
|
| 650 |
|
0 |
|a Internet programming.
|9 38883
|
| 700 |
1 |
|
|a Schildt, Herbert.
|9 38884
|
| 852 |
4 |
|
|a Ayesha Abed Library
|j General Stacks
|
| 942 |
0 |
0 |
|0 2
|2 ddc
|c BK
|
| 952 |
|
|
|0 0
|1 0
|2 ddc
|3 Send it to the Cataloging team for changing Call number
|4 0
|6 005_276200000000000_NAU
|7 0
|9 2632
|a BRACUL
|b BRACUL
|c GEN
|d 2006-04-30
|g 675.00
|l 47
|m 257
|o 005.2762 NAU
|p 3010014316
|r 2024-04-03
|s 2024-04-03
|t 1
|w 2009-07-27
|y BK
|